00727nam a2200241 a 4500001001300000003000900013005001700022008004100039020001000080082001600090100002100106245001900127260003600146300000900182500003500191505007200226650002200298700002100320902000800341942000700349952011600356999001300472nice12345678IN_TiNIC20260116011332.0050524s0000 egya grp 000 0 ara  ac10000a297.63bKHI aKhizri, Mohammad aNoor-Ul-Yaqeen aEgyptbEisa Albaabi Pressc0000 a338p aincludes index and biblioraphy2 aConference Held at May 29th-31st, 1952, Vol.Xlil.No.4.Muslim World. aMuhammad, Prophet1 aKhizri, Mohammad bSRS cBK 001040708StackRoom-aHMIbHMId2007-07-10g100.00l0o297.63 KHIp04879r2007-07-10v100.00w2005-05-24yBK c614d614